LEADER 00652nam a2200181 i 4500 001 000000170169 003 CaOOAMICUS 005 20080312000000.0 008 080312n it u000 u ita u 013 $a147576 040 $aSeMil$bita 245 10$aVol. 2. 490 0 $aUniversale economica Feltrinelli ;$v462 773 0 $aPorta, Carlo <1776-1821>$tPoesie.$dMilano : Feltrinelli, 1964.$kUniversale economica$w()19300 830 0$aUniversale economica ;$v462.$0(OLS)http://semarc/title/11224 850 $aSeMil 852 $aSeMil$W1$xVenegono$y1$m1S VI 63$j121065$B121065$CSeMilBibl$Z2$F132367 $81 996 $6245$aVol. 2$9(OLS)http://semarc/title/13458 LEADER 01376nam a2200253 i 4500 001 000000195697 003 CaOOAMICUS 005 20101227000000.0 008 101227s1981 it u000 u fre u 013 $a174376 040 $aSeMil$bita 100 1 $aTriacca, Achille Maria,$c.$0(OLS)http://semarc/name/22 245 13$aLe Christ dans la liturgie :$bConférences Saint-Serge 27° semaine d'études liturgiques. Paris, 24-28 Juin 1980 /$céditées par A.M. Triacca et A. Pistoia ; Andronikof C. ... [et al.]. 260 $aRoma :$bCLV Edizioni Liturgiche,$c1981. 300 $a376 p. ;$c24 cm. 490 0 $aBibliotheca Ephemerides Liturgicae. Subsidia ;$v20 650 4$aGesù Cristo - Liturgia - Congressi.$0(OLS)http://semarc/subject/36771 700 1 $aAndronikof, Constantin <1916-1997>.$0(OLS)http://semarc/name/810 700 1 $aPistoia, Alessandro,$c.$0(OLS)http://semarc/name/21 830 0$aBibliotheca Ephemerides Liturgicae. Subsidia ;$v20.$0(OLS)http://semarc/title/38 850 $aSeMil 852 $aSeMil$W1$xVenegono$y1$m3KA A 20$j226631$B146266$CSeMilBibl$Z2$F157791 $81 996 $6245$aLe Christ dans la liturgie :$bConférences Saint-Serge 27° semaine d'études liturgiques. Paris, 24-28 Juin 1980$9(OLS)http://semarc/title/282430 996 $6260$aRoma :$bCLV Edizioni Liturgiche$9(OLS)http://semarc/publisher/29627